Kossuth Lajos a nemzet emlékezetében
Elmentve itt :
| Szerző: | |
|---|---|
| Adatforrás: | Meister |
| Forrásdokumentuma: | Korunk. - 5 sz., 1994, 106-109 p. |
| Nyelv: | magyar |
| Kulcsszavak: | kisebbségtörténet forradalom, 1848 nemzetiségi törvény (magyar, 1849) kisebbségi kérdés magyar nemzetiségi törvény, 1849 KOSSUTH Lajos |
| LEADER | 00536nab a2200181 i 4500 | ||
|---|---|---|---|
| 001 | bibPRO00000081 | ||
| 008 | 060524s1994 xx hun | ||
| 040 | |a Sz1 | ||
| 041 | |a hun | ||
| 100 | 1 | |a EGYED Ákos | |
| 245 | 1 | 0 | |a Kossuth Lajos a nemzet emlékezetében |c EGYED Ákos |
| 695 | |a kisebbségtörténet | ||
| 695 | |a forradalom, 1848 | ||
| 695 | |a nemzetiségi törvény (magyar, 1849) | ||
| 695 | |a kisebbségi kérdés | ||
| 695 | |a magyar nemzetiségi törvény, 1849 | ||
| 695 | |a KOSSUTH Lajos | ||
| 773 | 0 | |t Korunk. - |g 5 sz., 1994, 106-109 p. | |